[Event "Manavgat Turkey Cup"]
[Site "Manavgat"]
[Date "2015.02.05"]
[Round "8"]
[White "Celebi, Orhan"]
[Black "Acar, Cengiz Can"]
[Result "1-0"]
[WhiteElo "1894"]
[BlackElo "1687"]
[PlyCount "67"]
[EventDate "2015.01.31"]
[EventType "swiss"]
[EventRounds "11"]
[EventCountry "TUR"]
[SourceTitle "CBM 164 Extra"]
[Source "ChessBase"]
[SourceDate "2015.03.02"]
[SourceVersion "1"]
[SourceVersionDate "2015.03.02"]
[SourceQuality "1"]

1. e4 d5 2. exd5 Qxd5 3. Nc3 Qd6 4. d4 c6 5. Nf3 Bg4 6. Be2 Nd7 7. 0-0 Ngf6 8. Be3 e6 9. Qd2 Qc7 10. Bf4 Bd6 11. Bxd6 Qxd6 12. Rfe1 0-0 13. h3 Bh5 14. Rad1 Rfd8 15. a3 Nd5 16. Ne5 Nxe5 17. dxe5 Qxe5 18. Bg4 Qf6 19. Bxh5 Nf4 20. Ne4 Qh4 21. Bxf7+ Kxf7 22. Nd6+ Kg8 23. Qe3 Qg5 24. Qf3 Rd7 25. Ne4 Rxd1 26. Rxd1 Qf5 27. Rd7 Rf8 28. Rxb7 Nxh3+ 29. Qxh3 Qxe4 30. Qe3 Qg4 31. Rd7 Qg6 32. g3 c5 33. Rxa7 h5 34. Ra4 1-0

[Event "Manavgat Turkey Cup"]
[Site "Manavgat"]
[Date "2015.02.01"]
[Round "3"]
[White "Samani, Yamac"]
[Black "Celebi, Orhan"]
[Result "1-0"]
[WhiteElo "1774"]
[BlackElo "1894"]
[PlyCount "101"]
[EventDate "2015.01.31"]
[EventType "swiss"]
[EventRounds "11"]
[EventCountry "TUR"]
[SourceTitle "CBM 164 Extra"]
[Source "ChessBase"]
[SourceDate "2015.03.02"]
[SourceVersion "1"]
[SourceVersionDate "2015.03.02"]
[SourceQuality "1"]

1. e4 e5 2. Nf3 Nc6 3. Bb5 Bc5 4. c3 Nf6 5. 0-0 0-0 6. d4 Bb6 7. Re1 d6 8. h3 Bd7 9. Bg5 Re8 10. d5 Ne7 11. Bxd7 Qxd7 12. c4 Ng6 13. Nc3 h6 14. Be3 Ba5 15. Nd2 Bxc3 16. bxc3 b6 17. Kh2 Rf8 18. g3 Rae8 19. Rg1 Nh7 20. Qh5 Nh8 21. f4 f5 22. Rae1 fxe4 23. Nxe4 Rf5 24. Qf3 exf4 25. gxf4 Nf7 26. Qg4 Nd8 27. Bd4 Rf7 28. Nc5 bxc5 29. Qxd7 Rxd7 30. Rxe8+ Kf7 31. Rxd8 Rxd8 32. Rxg7+ Kf8 33. Rxh7 cxd4 34. cxd4 Re8 35. Rh8+ Kf7 36. Rxe8 Kxe8 37. Kg3 Kf7 38. Kg4 Kf6 39. Kh5 Kg7 40. f5 a5 41. a4 Kf6 42. Kxh6 Kxf5 43. h4 Ke4 44. h5 Kxd4 45. Kg6 Kxc4 46. h6 Kxd5 47. h7 Kc4 48. h8Q c5 49. Qd8 d5 50. Qxa5 d4 51. Qb5+ 1-0

[Event "Malatya Golden Apricot op 2nd"]
[Site "Malatya"]
[Date "2014.06.15"]
[Round "1"]
[White "Celebi, Orhan"]
[Black "Genov, Petar"]
[Result "1/2-1/2"]
[WhiteElo "1941"]
[BlackElo "2460"]
[PlyCount "301"]
[EventDate "2014.06.15"]
[EventType "swiss"]
[EventRounds "9"]
[EventCountry "TUR"]
[SourceTitle "CBM 160 Extra"]
[Source "ChessBase"]
[SourceDate "2014.07.01"]
[SourceVersion "1"]
[SourceVersionDate "2014.07.01"]
[SourceQuality "1"]

1. e4 c5 2. c3 Nf6 3. e5 Nd5 4. d4 cxd4 5. Nf3 e6 6. cxd4 d6 7. Bc4 Nb6 8. Bd3 Nc6 9. 0-0 dxe5 10. dxe5 Nb4 11. Be4 Qxd1 12. Rxd1 Bd7 13. Nc3 Bc6 14. Bxc6+ Nxc6 15. Nb5 Nd5 16. Rxd5 exd5 17. Nc7+ Kd7 18. Nxa8 Be7 19. Nb6+ axb6 20. Be3 b5 21. Rd1 Ke6 22. Nd4+ Nxd4 23. Bxd4 Rc8 24. g3 Rc2 25. f4 g5 26. a3 gxf4 27. gxf4 Re2 28. Rd3 Re4 29. Be3 d4 30. Bf2 Rxf4 31. Rb3 b4 32. axb4 Kd5 33. Ra3 Bxb4 34. Ra7 Kc6 35. Ra8 Bd2 36. Rc8+ Kb5 37. Kg2 Be3 38. Bxe3 dxe3 39. Rc3 Re4 40. Kf1 Kb6 41. Rb3+ Kc6 42. Rc3+ Kd7 43. Rb3 Kc7 44. Rc3+ Kb8 45. Rc5 Rh4 46. Ke2 Rxh2+ 47. Kxe3 Rxb2 48. Rc1 Rb6 49. Rh1 f6 50. exf6 Rxf6 51. Rxh7 Rd6 52. Rh1 Kc7 53. Rc1+ Kd7 54. Rb1 b6 55. Rc1 Rd5 56. Rc4 Rh5 57. Kd3 Kd6 58. Kc3 Rb5 59. Rd4+ Kc6 60. Rc4+ Kb7 61. Rb4 Rh5 62. Kb3 Rh1 63. Kb2 Kc6 64. Rb3 b5 65. Rc3+ Kb6 66. Kb3 Rb1+ 67. Ka2 Rb4 68. Rc8 Rg4 69. Kb3 Kb7 70. Rc5 Ka6 71. Rc8 Rg3+ 72. Kb4 Rg4+ 73. Kb3 Rh4 74. Ka3 Rh1 75. Kb4 Rb1+ 76. Ka3 Re1 77. Kb4 Re4+ 78. Kb3 Rf4 79. Ka3 Kb7 80. Rc5 Kb6 81. Rc8 Ka5 82. Ra8+ Kb6 83. Rc8 Rf1 84. Kb4 Rb1+ 85. Ka3 Ka6 86. Rc7 Ka5 87. Rc8 Kb6 88. Ka2 Rf1 89. Kb3 Rf4 90. Ka3 Ra4+ 91. Kb3 Ra1 92. Kb4 Rb1+ 93. Ka3 Kb7 94. Rc5 Ka6 95. Rc8 Kb6 96. Ka2 Rb4 97. Ka3 Ra4+ 98. Kb3 Kb7 99. Rc5 Kb6 100. Rc8 Ra1 101. Kb4 Rb1+ 102. Ka3 Ka5 103. Ra8+ Kb6 104. Rc8 Rh1 105. Kb4 Rh4+ 106. Kb3 Ka6 107. Ka3 Kb7 108. Rc5 Kb6 109. Rc8 Rh1 110. Kb3 Rb1+ 111. Ka2 Rd1 112. Kb3 Re1 113. Ka3 Ra1+ 114. Kb2 Ra7 115. Kb3 Ka5 116. Ka3 Ra6 117. Kb3 Rh6 118. Ra8+ Kb6 119. Rc8 Kb7 120. Rc5 Ka6 121. Rc8 Rh1 122. Ka3 Kb7 123. Rc5 Rb1 124. Ka2 Kb6 125. Rc8 Re1 126. Kb3 Re4 127. Ka3 Ka5 128. Ra8+ Kb6 129. Rc8 Re5 130. Kb4 Re4+ 131. Kb3 Ka6 132. Ka3 Re1 133. Kb4 Rb1+ 134. Ka3 Kb6 135. Ka2 Rh1 136. Kb3 Rh4 137. Ka3 Rh7 138. Kb4 Rh1 139. Kb3 Ra1 140. Kb4 Rb1+ 141. Ka3 Kb7 142. Rc5 Ka6 143. Rc8 b4+ 144. Ka2 Rg1 145. Kb3 Rg4 146. Ka4 Kb7 147. Rc5 Ka6 148. Ra5+ Kb6 149. Rb5+ Kc6 150. Rxb4 Rxb4+ 151. Kxb4 1/2-1/2

[Event "Kemer Turkey Cup"]
[Site "Kemer"]
[Date "2014.02.05"]
[Round "6"]
[White "Metin, Mehmet"]
[Black "Celebi, Orhan"]
[Result "1-0"]
[WhiteElo "2201"]
[BlackElo "1942"]
[PlyCount "75"]
[EventDate "2014.02.01"]
[EventType "swiss"]
[EventRounds "9"]
[EventCountry "TUR"]
[SourceTitle "CBM 158 Extra"]
[Source "ChessBase"]
[SourceDate "2014.02.28"]
[SourceVersion "1"]
[SourceVersionDate "2014.02.28"]
[SourceQuality "1"]

1. d4 d5 2. c4 e6 3. Nc3 Nf6 4. Bg5 Bb4 5. e3 Nbd7 6. Nf3 c5 7. cxd5 exd5 8. Bxf6 Nxf6 9. Bb5+ Bd7 10. Bxd7+ Qxd7 11. 0-0 Bxc3 12. Ne5 Qc7 13. Qa4+ Kf8 14. bxc3 c4 15. Rab1 Kg8 16. Qb5 b6 17. a4 h5 18. a5 Rb8 19. Nc6 Rc8 20. axb6 axb6 21. Ne5 Rb8 22. f3 Kh7 23. e4 Rhd8 24. Nc6 dxe4 25. Nxb8 Rxb8 26. fxe4 Kg8 27. Rbe1 Ra8 28. e5 Ra5 29. Qb1 Nd5 30. e6 f6 31. Qg6 Qe7 32. Rf5 Nxc3 33. Rxa5 bxa5 34. Qxh5 a4 35. Qa5 Na2 36. d5 Nb4 37. d6 Qxd6 38. e7 1-0